Città italiane 1-500 (2026) - Statistics

Statistiche generali
  • Questo quiz è stato fatto 91 volte
    12 dall'ultimo reset
  • Il punteggio medio è 226 su 500
Statistiche sulle risposte
Number Population Province Risposta % Corretto
9 316290 BA Bari
100%
7 391550 BO Bologna
100%
64 81280 BR Brindisi
100%
10 297986 CT Catania
100%
8 361841 FI Firenze
100%
6 566074 GE Genova
100%
30 127596 LT Latina
100%
13 216473 ME Messina
100%
2 1363842 MI Milano
100%
20 184313 MO Modena
100%
3 905565 NA Napoli
100%
14 207989 PD Padova
100%
5 626755 PA Palermo
100%
23 162375 PG Perugia
100%
18 198090 PO Prato
100%
1 2747563 RM Roma
100%
4 855247 TO Torino
100%
118 54694 TP Trapani
100%
12 249244 VE Venezia
100%
11 255161 VR Verona
100%
116 55178 AG Agrigento
91%
45 99971 AN Ancona
91%
130 51904 AV Avellino
91%
34 120746 BG Bergamo
91%
41 106768 BZ Bolzano
91%
15 201132 BR Brescia
91%
62 83131 CZ Catanzaro
91%
149 48344 CH Chieti
91%
63 83082 CO Como
91%
92 63428 CS Cosenza
91%
80 71164 CR Cremona
91%
106 58200 KR Crotone
91%
111 55698 CN Cuneo
91%
28 145447 FG Foggia
91%
81 70768 AQ L'Aquila
91%
53 92613 SP La Spezia
91%
51 94342 LE Lecce
91%
157 47329 LC Lecco
91%
58 88605 LU Lucca
91%
102 59409 MT Matera
91%
33 123555 MB Monza
91%
79 71747 PV Pavia
91%
37 118549 PE Pescara
91%
55 90068 PI Pisa
91%
57 89090 PT Pistoia
91%
91 63517 PZ Potenza
91%
175 44918 RI Rieti
91%
26 150781 RN Rimini
91%
31 125364 SA Salerno
91%
35 120254 SS Sassari
91%
19 185261 TA Taranto
91%
131 51509 TE Teramo
91%
42 106293 TR Terni
91%
36 119190 TN Trento
91%
17 198666 TR Trieste
91%
40 110641 VI Vicenza
91%
87 66576 VT Viterbo
91%
52 93197 AL Alessandria
82%
48 96501 AR Arezzo
82%
172 45249 AP Ascoli Piceno
82%
76 73581 AT Asti
82%
54 92098 BT Barletta
82%
113 55365 BN Benevento
82%
27 146210 CA Cagliari
82%
107 58019 CL Caltanissetta
82%
156 47451 CB Campobasso
82%
78 72784 CE Caserta
82%
49 95727 FC Cesena
82%
258 34109 CR Crema
82%
29 129114 FE Ferrara
82%
38 117574 FC Forlì
82%
182 42900 FR Frosinone
82%
25 152639 LI Livorno
82%
170 45607 LO Lodi
82%
137 50135 MN Mantova
82%
44 103151 NO Novara
82%
16 199935 PR Parma
82%
50 95268 PU Pesaro
82%
43 103737 PC Piacenza
82%
129 52693 PN Pordenone
82%
74 74230 RG Ragusa
82%
24 156616 RA Ravenna
82%
22 168068 RC Reggio Calabria
82%
21 172900 RE Reggio Emilia
82%
135 51020 MI Rho
82%
139 49965 RO Rovigo
82%
104 58659 SV Savona
82%
122 53212 SI Siena
82%
39 115509 SR Siracusa
82%
117 54704 BT Trani
82%
59 86118 TV Treviso
82%
46 98411 UD Udine
82%
68 78992 VA Varese
82%
96 61564 NA Afragola
73%
47 96525 BT Andria
73%
337 27420 PG Assisi
73%
141 49512 SA Battipaglia
73%
60 84576 VA Busto Arsizio
73%
75 73940 MO Carpi
73%
101 59658 MS Carrara
73%
159 47025 VE Chioggia
73%
71 75037 MI Cinisello Balsamo
73%
73 74421 CS Corigliano Rossano
73%
388 24893 EN Enna
73%
144 49181 NA Ercolano
73%
99 59904 PU Fano
73%
236 35765 FM Fermo
73%
83 70135 CL Gela
73%
32 124933 NA Giugliano in Campania
73%
65 81270 GR Grosseto
73%
183 42563 IM Imperia
73%
97 60985 MI Legnano
73%
200 40616 MC Macerata
73%
88 66242 MS Massa
73%
95 61775 SS Olbia
73%
70 75132 NA Pozzuoli
73%
160 47023 AP San Benedetto Del Tronto
73%
124 53100 IM Sanremo
73%
69 78935 MI Sesto San Giovanni
73%
168 46267 VC Vercelli
73%
105 58641 NA Acerra
64%
136 50627 CT Acireale
64%
188 41834 SS Alghero
64%
267 33084 AO Aosta
64%
239 35483 BL Belluno
64%
180 43331 BI Biella
64%
128 52900 BA Bitonto
64%
155 47479 FI Campi Bisenzio
64%
77 73346 NA Casoria
64%
94 61974 NA Castellammare Di Stabia
64%
220 37858 PG Città Di Castello
64%
132 51458 RM Civitavecchia
64%
140 49564 FI Empoli
64%
103 58767 RA Faenza
64%
61 83357 RM Fiumicino
64%
301 30253 PG Gubbio
64%
56 89369 RM Guidonia Montecelio
64%
84 69684 BO Imola
64%
433 22494 TO Ivrea
64%
341 27151 VE Jesolo
64%
86 67049 CZ Lamezia Terme
64%
138 50065 TP Mazara Del Vallo
64%
152 47726 BA Monopoli
64%
215 38776 PA Monreale
64%
119 53554 PE Montesilvano
64%
260 33850 NU Nuoro
64%
151 47919 MI Paderno Dugnano
64%
85 67957 CA Quartu Sant'Elena
64%
212 38945 VI Schio
64%
453 21632 SO Sondrio
64%
234 35899 PG Spoleto
64%
115 55246 RM Tivoli
64%
67 79048 NA Torre Del Greco
64%
98 60681 LU Viareggio
64%
93 63399 PV Vigevano
64%
89 66123 RG Vittoria
64%
82 70316 BA Altamura
55%
485 20603 FR Anagni
55%
100 59812 RM Anzio
55%
72 74729 LT Aprilia
55%
123 53129 PA Bagheria
55%
121 53262 BT Bisceglie
55%
353 26356 MI Buccinasco
55%
246 34810 MI Cernusco Sul Naviglio
55%
213 38918 RM Ciampino
55%
187 41950 MC Civitanova Marche
55%
158 47041 MI Cologno Monzese
55%
313 29342 BS Desenzano Del Garda
55%
189 41749 MB Desio
55%
114 55292 PG Foligno
55%
262 33673 GO Gorizia
55%
489 20516 IS Isernia
55%
162 46837 MB Lissone
55%
66 79549 TP Marsala
55%
163 46792 TA Martina Franca
55%
192 41634 BZ Merano
55%
222 37614 VE Mira
55%
112 55379 TO Moncalieri
55%
500 20296 MI Novate Milanese
55%
221 37626 MI Pioltello
55%
415 23510 NA Pompei
55%
398 24411 VE Portogruaro
55%
201 40493 TN Rovereto
55%
145 49125 FI Scandicci
55%
224 37209 MI Segrate
55%
143 49242 FI Sesto Fiorentino
55%
171 45574 TO Settimo Torinese
55%
295 30786 VV Vibo Valentia
55%
204 40133 PV Voghera
55%
270 32774 MI Abbiategrasso
45%
291 30949 CN Alba
45%
146 48939 CE Aversa
45%
185 42210 VI Bassano Del Grappa
45%
308 29830 CN Bra
45%
202 40348 CO Cantù
45%
444 21943 CE Casal Di Principe
45%
249 34746 FR Cassino
45%
142 49427 SA Cava De Tirreni
45%
110 56767 FG Cerignola
45%
206 39960 MB Cesano Maderno
45%
332 27510 GE Chiavari
45%
235 35774 TO Chieri
45%
446 21910 FE Comacchio
45%
385 25246 RE Correggio
45%
248 34767 MI Corsico
45%
127 52975 VA Gallarate
45%
464 21310 MI Gorgonzola
45%
211 39502 AN Jesi
45%
387 24955 MI Magenta
45%
125 53073 FG Manfredonia
45%
108 57651 NA Marano Di Napoli
45%
309 29812 ME Milazzo
45%
120 53549 RG Modica
45%
109 57090 BA Molfetta
45%
449 21739 PT Montecatini Terme
45%
197 41082 RM Monterotondo
45%
240 35456 NA Mugnano Di Napoli
45%
259 34068 NA Nola
45%
395 24667 SR Noto
45%
422 23117 MB Nova Milanese
45%
305 29952 OR Oristano
45%
178 44567 CT Paternò
45%
242 35421 TO Pinerolo
45%
274 32402 LI Piombino
45%
90 64863 RM Pomezia
45%
304 29981 PI Pontedera
45%
134 51246 NA Portici
45%
254 34354 RN Riccione
45%
191 41646 MI Rozzano
45%
184 42213 VE San Donà Di Piave
45%
275 32235 MI San Donato Milanese
45%
203 40194 MI San Giuliano Milanese
45%
147 48873 FG San Severo
45%
214 38812 VA Saronno
45%
195 41139 MO Sassuolo
45%
179 43811 AN Senigallia
45%
173 45232 MB Seregno
45%
174 44985 LT Terracina
45%
210 39525 NA Torre Annunziata
45%
285 31530 BG Treviglio
45%
126 52991 RM Velletri
45%
460 21432 SA Agropoli
36%
208 39682 RM Albano Laziale
36%
133 51294 RM Ardea
36%
207 39746 ME Barcellona Pozzo Di Gotto
36%
466 21305 PG Bastia Umbra
36%
471 21170 NO Borgomanero
36%
420 23272 BZ Bressanone
36%
241 35448 MB Brugherio
36%
382 25445 CI Carbonia
36%
243 35401 BO Casalecchio Di Reno
36%
273 32431 AL Casale Monferrato
36%
176 44822 PI Cascina
36%
265 33246 TV Castelfranco Veneto
36%
327 28001 LI Cecina
36%
218 38227 RM Cerveteri
36%
316 29047 RA Cervia
36%
419 23277 MI Cesano Boscone
36%
358 26061 FC Cesenatico
36%
359 26038 TO Chivasso
36%
230 36201 LT Cisterna Di Latina
36%
495 20407 RM Colleferro
36%
154 47632 TO Collegno
36%
376 25611 TP Erice
36%
318 28539 AN Fabriano
36%
434 22487 RM Frascati
36%
413 23587 TE Giulianova
36%
347 26585 MB Giussano
36%
229 36390 TO Grugliasco
36%
397 24504 CI Iglesias
36%
199 40898 RM Ladispoli
36%
257 34204 AG Licata
36%
219 38053 CE Marcianise
36%
166 46632 RM Marino
36%
412 23655 MB Meda
36%
342 27087 VE Mirano
36%
315 29165 PA Misilmeri
36%
232 35996 BA Modugno
36%
150 48177 RM Nettuno
36%
169 45711 TO Nichelino
36%
181 43305 SA Nocera Inferiore
36%
417 23428 SA Nocera Superiore
36%
306 29855 BR Ostuni
36%
371 25789 FM Porto Sant Elpidio
36%
469 21202 SS Porto Torres
36%
486 20595 MC Recanati
36%
465 21307 VR San Bonifacio
36%
268 32946 BO San Lazzaro Di Savena
36%
448 21786 SP Sarzana
36%
266 33171 NA Somma Vesuviana
36%
282 31829 CB Termoli
36%
401 24184 VI Thiene
36%
457 21520 MI Trezzano Sul Naviglio
36%
198 40906 CH Vasto
36%
423 23013 IM Ventimiglia
36%
307 29841 VB Verbania
36%
269 32817 VR Villafranca Di Verona
36%
355 26304 MB Vimercate
36%
340 27227 TV Vittorio Veneto
36%
335 27453 FR Alatri
27%
411 23673 SV Albenga
27%
330 27534 PD Albignasego
27%
468 21232 FE Argenta
27%
251 34651 SR Augusta
27%
194 41225 AQ Avezzano
27%
296 30711 SR Avola
27%
389 24871 FI Bagno a Ripoli
27%
227 36718 MI Bollate
27%
374 25696 NA Boscoreale
27%
346 26632 MI Bresso
27%
233 35931 NA Caivano
27%
244 35398 CT Caltagirone
27%
326 28032 TO Carmagnola
27%
289 31113 CE Castel Volturno
27%
494 20440 CS Castrovillari
27%
250 34654 TV Conegliano
27%
475 20977 MI Cormano
27%
479 20815 AR Cortona
27%
223 37609 SA Eboli
27%
331 27515 PR Fidenza
27%
421 23250 FI Figline e Incisa Valdarno
27%
205 40073 LT Fondi
27%
226 36831 LT Formia
27%
253 34412 BR Francavilla Fontana
27%
317 28640 NA Frattamaggiore
27%
343 27019 MI Garbagnate Milanese
27%
384 25301 CT Gravina Di Catania
27%
186 42036 BA Gravina in Puglia
27%
499 20307 RM Grottaferrata
27%
261 33845 CH Lanciano
27%
365 25917 VR Legnago
27%
238 35731 MB Limbiate
27%
277 32172 RA Lugo
27%
324 28112 TV Mogliano Veneto
27%
439 22280 CN Mondovì
27%
297 30692 GO Monfalcone
27%
288 31133 TV Montebelluna
27%
414 23571 MB Muggiò
27%
334 27469 AL Novi Ligure
27%
428 22804 TO Orbassano
27%
245 35108 SA Pagani
27%
442 22025 RM Palestrina
27%
209 39627 NA Pomigliano D'arco
27%
480 20740 FI Pontassieve
27%
167 46476 TO Rivoli
27%
367 25885 TE Roseto Degli Abruzzi
27%
190 41666 NA San Giorgio a Cremano
27%
279 32075 CE Santa Maria Capua Vetere
27%
292 30929 SA Sarno
27%
322 28242 CA Selargius
27%
406 24048 MB Seveso
27%
393 24698 FR Sora
27%
462 21323 MN Suzzara
27%
348 26579 AL Tortona
27%
472 21084 NO Trecate
27%
492 20464 PD Abano Terme
18%
338 27337 CT Aci Catena
18%
264 33524 CT Adrano
18%
177 44672 TP Alcamo
18%
255 34342 SA Angri
18%
483 20678 AV Ariano Irpino
18%
284 31564 NA Arzano
18%
368 25859 VI Arzignano
18%
378 25597 CA Assemini
18%
391 24829 NA Bacoli
18%
320 28338 CT Belpasso
18%
425 22962 CT Biancavilla
18%
476 20943 VR Bussolengo
18%
256 34231 AG Canicattì
18%
339 27300 BT Canosa Di Puglia
18%
164 46722 LU Capannori
18%
459 21477 NA Cardito
18%
196 41090 PA Carini
18%
165 46686 NA Casalnuovo Di Napoli
18%
455 21622 VA Cassano Magnago
18%
263 33606 MO Castelfranco Emilia
18%
481 20697 BO Castel San Pietro Terme
18%
314 29326 TP Castelvetrano
18%
408 23885 MN Castiglione Delle Stiviere
18%
443 22007 FR Ceccano
18%
237 35742 FE Cento
18%
300 30366 RG Comiso
18%
363 25989 BA Conversano
18%
161 46878 BA Corato
18%
484 20654 MI Cornaredo
18%
410 23730 BG Dalmine
18%
361 26010 AN Falconara Marittima
18%
216 38750 BR Fasano
18%
287 31220 AG Favara
18%
474 21020 SR Floridia
18%
403 24149 CN Fossano
18%
380 25525 CH Francavilla al Mare
18%
427 22882 FI Fucecchio
18%
386 25192 LE Galatina
18%
349 26506 CT Giarre
18%
450 21724 TA Ginosa
18%
352 26367 MI Lainate
18%
473 21072 SR Lentini
18%
299 30383 FG Lucera
18%
451 21715 BS Lumezzane
18%
228 36600 CE Maddaloni
18%
381 25466 CO Mariano Comense
18%
312 29485 NA Marigliano
18%
470 21195 VE Martellago
18%
231 36198 NA Melito Di Napoli
18%
432 22673 RM Mentana
18%
467 21294 SA Mercato San Severino
18%
372 25778 BR Mesagne
18%
390 24851 MO Mirandola
18%
148 48637 CT Misterbianco
18%
402 24173 BA Mola Di Bari
18%
319 28473 CE Mondragone
18%
407 23942 VI Montecchio Maggiore
18%
405 24069 AR Montevarchi
18%
294 30790 LE Nardò
18%
396 24575 CL Niscemi
18%
373 25742 BA Noicattaro
18%
336 27428 CE Orta Di Atella
18%
445 21928 CH Ortona
18%
418 23335 NA Ottaviano
18%
440 22178 TV Paese
18%
321 28328 MI Parabiago
18%
452 21676 TN Pergine Valsugana
18%
400 24350 MI Peschiera Borromeo
18%
487 20588 EN Piazza Armerina
18%
431 22686 LU Pietrasanta
18%
325 28106 SI Poggibonsi
18%
430 22742 NA Poggiomarino
18%
354 26350 SA Pontecagnano Faiano
18%
375 25693 BA Putignano
18%
392 24777 NA Qualiano
18%
193 41538 NA Quarto
18%
225 36838 CS Rende
18%
302 30119 LI Rosignano Marittimo
18%
488 20554 SR Rosolini
18%
404 24118 BA Ruvo di Puglia
18%
498 20343 CL San Cataldo
18%
323 28136 BO San Giovanni in Persiceto
18%
399 24354 CT San Giovanni La Punta
18%
383 25434 VR San Giovanni Lupatoto
18%
357 26168 FG San Giovanni Rotondo
18%
329 27777 PI San Miniato
18%
360 26017 NA Sant Anastasia
18%
272 32493 NA Sant Antimo
18%
437 22312 RN Santarcangelo Di Romagna
18%
153 47658 SA Scafati
18%
217 38409 AG Sciacca
18%
345 26916 RG Scicli
18%
369 25837 BG Seriate
18%
409 23763 LT Sezze
18%
328 27913 VE Spinea
18%
456 21599 AQ Sulmona
18%
364 25936 BA Terlizzi
18%
379 25570 BA Triggiano
18%
370 25815 VI Valdagno
18%
280 31992 TO Venaria Reale
18%
286 31431 NA Villaricca
18%
366 25908 NA Volla
18%
281 31838 LU Camaiore
9%
435 22424 SA Capaccio Paestum
9%
424 23009 CA Capoterra
9%
458 21501 SI Colle di Val D'Elsa
9%
429 22761 LE Copertino
9%
454 21628 PG Corciano
9%
493 20452 LT Minturno
9%
271 32747 RM Fonte Nuova
9%
252 34479 MO Formigine
9%
436 22366 RM Genzano Di Roma
9%
350 26470 BA Gioia Del Colle
9%
333 27479 NA Gragnano
9%
303 30038 TA Grottaglie
9%
311 29552 TA Manduria
9%
278 32113 CT Mascalucia
9%
283 31763 TA Massafra
9%
447 21835 LU Massarosa
9%
478 20838 PT Monsummano Terme
9%
351 26454 BS Montichiari
9%
247 34777 AN Osimo
9%
438 22304 SR Pachino
9%
496 20403 BS Palazzolo Sull'Oglio
9%
463 21319 AG Palma Di Montechiaro
9%
497 20350 BA Palo Del Colle
9%
293 30848 PA Partinico
9%
344 27008 PT Quarrata
9%
310 29569 GE Rapallo
9%
477 20929 BG Romano Di Lombardia
9%
490 20511 PR Salsomaggiore Terme
9%
290 30955 PI San Giuliano Terme
9%
298 30488 NA San Giuseppe Vesuviano
9%
441 22159 CE San Nicola La Strada
9%
377 25600 BA Santeramo in Colle
9%
362 26001 RE Scandiano
9%
426 22909 PD Selvazzano Dentro
9%
461 21414 MI Senago
9%
491 20485 CA Sestu
9%
394 24670 PA Termini Imerese
9%
482 20685 CE Trentola Ducenta
9%
276 32222 BO Valsamoggia
9%
356 26275 MO Vignola
9%
416 23438 PD Vigonza
9%
Nessun quiz corrispondente trovato
Distribuzione punteggi
Percentuale di utenti per punteggio
Percentile per numero di risposta
I tuoi punteggi nel tempo
Non hai fatto questo quiz dall'ultimo reset